000
00318nam a22001337a 4500
005
20160406095918.0
008
090902s2010 nyua 001 0 eng
020
_a
9780071633178
020
_a
0071633170
041
0
_a
eng
080
_a
004
245
1
0
_a
HTML, XHTML & CSS quicksteps /
_c
Guy Hart-Davis.
942
_2
udc
_c
BK
999
_c
639
_d
639